000 00245nam a2200109 4500
008 160702b xxu||||| |||| 00| 0 eng d
100 _91787
_a Anupam, C
245 _aRose
260 _aNew Delhi
_bArya
_c2002
300 _aRose
942 _2ddc
_cBK
999 _c1491
_d1491